Συγκριτική ανάλυση μεθόδων εκτίμησης ευτροφισμού στον κόλπο Καλλονής νήσου Λέσβου : πτυχιακή εργασία

Αποθηκεύτηκε σε:
Λεπτομέρειες βιβλιογραφικής εγγραφής
Κύριος συγγραφέας: Κοπάνου, Στυλιανός
Συγγραφή απο Οργανισμό/Αρχή: Πανεπιστήμιο Αιγαίου Σχολή Περιβάλλοντος Τμήμα Επιστημών της Θάλασσας
Άλλοι συγγραφείς: Τσιρτσής, Γεώργιος Ε. (Εισηγητής διατριβής)
Μορφή: Thesis Βιβλίο
Γλώσσα:Greek
Δημοσίευση: 2008
Θέματα:
Διαθέσιμο Online:http://hdl.handle.net/11610/7443
Ετικέτες: Προσθήκη ετικέτας
Δεν υπάρχουν, Καταχωρήστε ετικέτα πρώτοι!

MARC

LEADER 00000cam a2200000 i 4500
001 1/105921
008 090605s2008 gre d
035 |l 10105013 
040 |a GR-MY-UA  |b gre  |e aacr 
041 0 |a gre 
082 0 |a 577.63158  |2 (22) 
100 1 |a Κοπάνου, Στυλιανός. 
245 1 0 |a Συγκριτική ανάλυση μεθόδων εκτίμησης ευτροφισμού στον κόλπο Καλλονής νήσου Λέσβου :  |b πτυχιακή εργασία /  |c Στυλιανός Κοπάνου ; επιβλέπων: Γ. Τσιρτσής 
260 |c 2008 
300 |a 66 σ.;  |b σχ., πιν.;  |c 30 εκ. 
502 |a Πτυχιακή εργασία – Πανεπιστήμιο Αιγαίου, Λέσβος, 2008. 
504 |a Βιβλιογραφία: σ. 65-66 
650 0 0 |a Eutrophication. 
650 0 0 |a Marine eutrophication  |z Greece  |z Kallone (Lesbos Island) 
650 0 0 |a Dissertations, Academic  |z Greece. 
700 1 |a Τσιρτσής, Γεώργιος Ε.  |4 ths 
710 2 |a Πανεπιστήμιο Αιγαίου  |b Σχολή Περιβάλλοντος  |b Τμήμα Επιστημών της Θάλασσας. 
852 |a INST  |b LESVOS  |c DIATR  |e 20090605  |h 275  |p 005100045242  |q 005100045242  |t DIE  |y 23 
852 |a INST  |b LESVOS  |c DIATR  |e 20090605  |h 276  |p 005100045243  |q 005100045243  |t DIE  |y 23 
856 |u http://hdl.handle.net/11610/7443 
901 |a BIBL1-2009-2 
909 |a Λ  |b 130424 
909 |a Λ  |b 137612 
924 |a ΚΟΠΑΝΟΥ  |b ΣΤΥΛΙΑΝΟΣ  |y ΛΕΣΒΟΣ  |z 2008-03 
970 |a ΤΖΑΦΕΡΗ  |b ΕΥΑΓΓΕΛΙΑ  |z 2009/06/05